| 000 | 00706nam a2200289 a 4500 | ||
|---|---|---|---|
| 001 | 35180 | ||
| 003 | AR-BaAGN | ||
| 005 | 20231222160444.0 | ||
| 007 | ta | ||
| 008 | 220625s1995 ag |||||r|||| ||||||spa d | ||
| 040 |
_dAR-BaAGN _aAR-BaAGN _bspa _eaacr |
||
| 100 | 1 | _aGandolfo, Guido P. | |
| 245 | 1 | 0 | _aChacarero |
| 250 | _a1ª ed. | ||
| 260 |
_aCórdoba : _bS.E., _c1995. |
||
| 300 | _a178 páginas | ||
| 336 |
_2rdacontent _btxt |
||
| 337 |
_2rdamedia _bn |
||
| 338 |
_2rdacarrier _bnc |
||
| 650 | 4 |
_aAGRICULTURA _91551 |
|
| 650 | 4 |
_aDEMOGRAFÍA _91634 |
|
| 650 | 4 |
_aGEOGRAFÍA _91488 |
|
| 650 | 4 |
_aCOSTUMBRES Y TRADICIONES _92050 |
|
| 942 | _cLIBRO | ||
| 999 |
_c35180 _d35180 |
||